000 01099nam a2200277Ia 4500
003 OSt
005 20221005110421.0
006 a|||||r|||| 00| 0
007 ta
008 221004b |||||||| |||| 00| 0 hin d
020 _a8170167469 (hbk)
_cINR 150.00
024 _a42576
037 _bIN-2306, 14/03/2019, Kitab Ghar Prakashan
_cTextual
040 _aCRL
_cCRL
_bhin
041 _2hin
_ahin
082 _aO152,1:g(Y15), Q0
100 _aश्रोत्रिय, प्रभाकर, ले.
245 0 _aराष्ट्रकवि का स्त्री - विमर्श
246 _aRāṣhṭrakavi kā strī - vimarsha
260 _aनई दिल्ली
_bकिताबघर प्रकाशन भारत
_c2010
300 _a104पृ0
_ccm.
650 _a हिन्दी साहित्य
650 _aहिन्दी कविता
942 _hO152,1:g(Y15), Q0
_cTEXL
_2cc
999 _c1018742
_d1018742